00468nam a2200157 a 4500008004100000020001500041050001500056100002300071245006400094260004300158300001300201350000900214650001700223650004200240650002800282090320s1981 ||||||||||||||||| || u a9781560541 aJC 494 Bab aBabatope, Ebenezer10aCoups: Africa and the barrack revoltscby Ebenezer Babatope aEnugu, NigeriabFourth Dimensionc1981 aix, 180p a0.00 7aAFRICA2fast 0aAFRICA--POLITICS AND GOVERNMENT--1960 aCOUPS D' ÉTAT--AFRICA